La historia interminable : (Registro nro. 10574)

Detalles MARC
000 -LIDER
fixed length control field 00935nam a22003135b 4500
001 - NÚMERO DE CONTROL
Identificador de número de control 000473
003 - IDENTIFICACDOR DE NÚMERO DE CONTROL
control field DO-SdBNP
005 - DATE AND TIME OF LATEST TRANSACTION
control field 20221109095529.0
007 - CAMPOS FIJOS DE DESCRIPCIÓN FÍSICA
fixed length control field 000473
008 - ELEMENTOS DE LONGITUD FIJA
fixed length control field 960325s1995 sp | ||spa
017 ## - NÚMERO DE REGISTRO DE DERECHOS DE AUTOR
Copyright or legal deposit number
Assigning agency
035 ## - NÚMERO LOCAL
System control number
040 ## - FUENTE DE CATALOGACIÓN
Agencia que crea de manera original el registro BPMSU
Idioma de catalogación spa
Agencia que realiza la transcripción BPMSU
Convenciones de la despripción
080 #0 - NÚMERO DE CLASIFICACIÓN DECIMAL UNIVERSAL
Universal Decimal Classification number
082 ## - NÚMERO DE CLASIFICACIÓN DECIMAL DE DEWEY
Classification number 833.91
Item number E56h 1995
Edition number 22
100 1# - ASIENTO PRINCIPAL -- NOMBRE PERSONAL
Nombre personal Ende, Michael,
Fechas asociadas con el nombre 1929-1995
245 13 - MENCIÓN DE TITULO
Título La historia interminable :
Subtítulo de la A a la Z /
Mención de responsabilidad Michael Ende ; con letras y dibujos de Roswitha Quadflieg ; traducción de Miguel Sáenz
Medio (Designación general de material)
250 ## - MENCIÓN DE EDICION
Mención de edición
260 ## - PUBLICACIÓN, DISTRIBUCIÓN, ETC. (PIE DE IMPRENTA)
Lugar de publicación, distribución, etc Madrid :
Nombre del editor, distribuidor, etc. Alfaguara,
Fecha de publicación, distribución, etc 1995.
300 ## - DESCRIPCIÓN FÍSICA
Extensión 419 p. :
Otros detalles físicos il. ;
Dimensiones 23 cm
500 ## - NOTA GENERAL
Nota general "Edición limitada homenaje a Michael Ende"--Cub.
590 ## - NOTA LOCAL
Texto de la nota local Inventariado, 2022/VM
650 #4 - ENCABEZAMIENTO DE MATERIA--TEMÁTICO
Fuente del encabezamiento o término Novela juvenil alemana
650 #4 - ENCABEZAMIENTO DE MATERIA--TEMÁTICO
Fuente del encabezamiento o término Literatura juvenil alemana
700 1# - ASIENTO SECUNDARIO -- NOMBRE PERSONAL
Nombre personal Quadflieg, Roswitha
700 1# - ASIENTO SECUNDARIO -- NOMBRE PERSONAL
Nombre personal Miguel Sáenz,
Mención de responsabilidad tr.
910 ## - VALIDACIÓN
Validación VMateo V./ Validado
942 ## - ADDED ENTRY ELEMENTS (KOHA)
Source of classification or shelving scheme Dewey Decimal Classification
Koha item type Libros
Existencias
Withdrawn status Lost status Source of classification or shelving scheme Damaged status Not for loan Collection code Home library Current library Date acquired Source of acquisition Full call number Barcode Date last seen Price effective from Koha item type Copy number
    Dewey Decimal Classification     Colección Juvenil General Biblioteca Pública Metropolitana Salomé Ureña Biblioteca Pública Metropolitana Salomé Ureña 06/24/2016 ALFAGUARA BPMSU CG 833.91 E56h 1995 BPMSU16060514 06/24/2016 06/24/2016 Libros  
    Dewey Decimal Classification     Colección General Biblioteca Pública Metropolitana Salomé Ureña Biblioteca Pública Metropolitana Salomé Ureña 06/24/2016 ALFAGUARA BPMSU CG 833.91 E56h 1995 BPMSU16060515 06/24/2016 06/24/2016 Libros e.2